| 000 | 00891nam a2200265Ia 4500 | ||
|---|---|---|---|
| 003 | OSt | ||
| 005 | 20221005113120.0 | ||
| 006 | a|||||r|||| 00| 0 | ||
| 007 | ta | ||
| 008 | 221004b |||||||| |||| 00| 0 pan d | ||
| 020 |
_a81876541317 _c175 |
||
| 024 | _a117525 | ||
| 037 |
_b595, 09/02/2012, H.K. Prakashan _cTextual |
||
| 040 |
_aCRL _cCRL _bpan |
||
| 041 |
_2pan _apan |
||
| 082 | _aO153,6x, P9 | ||
| 100 | _aਜਗਬੀਰ ਸਿੰਘ | ||
| 245 | 0 | _aਮੱਧਕਾਲੀ ਬਦ ਸਭਿਆਚਾਰ | |
| 260 |
_aਦਿੱਲੀ _bਮਨਪ੍ਰੀਤ ਪ੍ਰਕਾਨ ਭਾਰਤ _c2009 |
||
| 300 |
_a120ਪੰ _ccm. |
||
| 650 | _a ਪੰਜਾਬੀ ਸਾਹਿਤ | ||
| 650 | _aਪੰਜਾਬੀ ਸਾਹਿਤ | ||
| 942 |
_hO153,6x, P9 _cTEXL _2cc |
||
| 999 |
_c1027099 _d1027099 |
||